Profili della collazione delle liberalit ̉e dell’imputazione dei debiti

Bibliographic Details
Main Author: Mauro, Nicola Di
Format: eBook
Language:Italian
Published: Bari : Cacucci Editore, 2012
Subjects:
Online Access:http://www.vlex.com/source/7355

MARC

LEADER 00000nam a22000007a 4500
005 20130307171413.0
007 cr|||| ||||
008 130307e2012 it |||||s|||| 00||0 ita d
020 |a 978-88-6611-159-7 
035 |a 7355 
040 |a vLex 
090 |c 3850  |d 3850 
100 1 0 |a Mauro, Nicola Di  
245 1 0 |a Profili della collazione delle liberalit ̉e dell’imputazione dei debiti  |c / Nicola Di Mauro   |h [Recurso electrn̤ico] 
256 |a Servicio en ln̕ea 
260 |a Bari :  |b Cacucci Editore,   |c 2012  
300 |a 1 Recurso electrn̤ico 
506 |d vLex Global  |d vLex Global (Academic Edition, excluding Law Schools)  |d vLex Global (U.S. Academic Edition, Law Schools)  |d vLex Global (U.S. Academic Edition, excluding Law Schools)  |d vLex Global (Academic Edition, Law Schools) 
650 0 4 |a Derecho civil  |z Italia 
650 0 4 |a Sucesiones  |z Italia 
740 |a vLex Libros (Servicio en ln̕ea) 
856 |a Acceso restringido  |u http://www.vlex.com/source/7355 
942 |c BOOK 
999 0 |a Civil law